| 000 | 02517nas1a22003131i 4500 | ||
|---|---|---|---|
| 001 | RU\NLR\INFOCOMM20\5000017388 | ||
| 005 | 20240723105629.0 | ||
| 035 | _a(NLR Aleph) 002381369 | ||
| 090 |
_a4602250 _c4602250 |
||
| 100 | _a20041221c1972 |||y0rusy50 ca | ||
| 101 | 0 | _arus | |
| 102 | _aRU | ||
| 110 | _azyuzz 0|y| | ||
| 200 | 1 |
_aТранспорт и хранение нефтепродуктов и углеводородного сырья за рубежом _eОбзор зарубеж. литературы _fМ-во нефтеперерабатывающей и нефтехим. пром-сти СССР. Центр. науч.-исслед. ин-т техн.-экон. исследований нефтеперерабатывающей и нафтехим. пром-сти |
|
| 210 |
_aМ. _d1972 |
||
| 225 | 1 | _aОбзоры зарубежной литературы | |
| 309 | _aОтпеч. множит. аппаратом | ||
| 801 | 1 |
_aRU _bInfoComm _c20041221 |
|
| 801 | 0 |
_aRU _bNLR _gPSBO |
|
| 852 |
_aNLR _jП10/4230 |
||
| 942 | _cSE | ||
| 980 | _aRUSPER | ||